Юнге Э. А.

Доступно только в Электронных читальных залах Найти на картеНа карте
RUSMARC
00003815nac2a22002891x 450
0013e6606e2-e72f-461b-8ce6-8d645db50385
00520131119154027.0
100##$a20130605l1885 k y0rusy50 ca
1010#$arus
102##$aRU
105##$ay z |||||
1220#$ad18850530
2001#$aЮнге Э. А.
$j30 мая 1885
215##$a2 листа
251##$cДело
300##$aЗаголовок дела на папке: Письмо Юнге Э. А. Кони Анатолию Федоровичу
300##$a1 письмо
300##$aРукописный текст
330##$aПереписка А. Ф. Кони; Письма к А. Ф. Кони
461#0$10013a54f2e3-e9cf-409b-80fa-f0a9bd3c40cb
$12001
$aКони Анатолий Федорович, юрист, литератор, член академии наук, председатель Санкт-Петербургского окружного суда, член государственного совета
$1251
$cФонд
$1852
$j564
462#0$100178a475cd-a47d-4377-bff3-cee4b81de655
$12001
$aОпись дел фонда А. Ф. Кони за 1880-1931 гг.
$1251
$cОпись
$1852
$j1
517##$aПисьмо Юнге Э. А. Кони Анатолию Федоровичу
600#1$aКони
$bА. Ф.
$f1844-1927
$gАнатолий Федорович
600#1$aЮнге
$bЭ. А.
801#0$aRU
$bGA_RF
801#1$aRU
$bНПО Опыт
$c20130605
$2rusmarc
801#2$aRU
$bПБ им. Б.Н. Ельцина
$c20131119
$gRCR
$2rusmarc
852##$aГА РФ
$j3860
937##$d41820078
$hПБ
035##$aRuPRLIB51006420
Формат отображения